Daily Capital City Riddle #96 - Statistics

General Stats
  • This quiz has been taken 39 times
  • The average score is 29 of 33
Answer Stats
Type Answer % Correct
Found Letter A
100%
Alphabet Letter G
100%
Alphabet Letter I
100%
Alphabet Letter L
100%
Alphabet Letter N
100%
Alphabet Letter O
100%
Alphabet Letter R
100%
Found Letter T
100%
Alphabet Letter B
97%
Alphabet Letter D
97%
Found Letter M
97%
Found Letter S
97%
Alphabet Letter E
94%
Alphabet Letter P
94%
Found Letter U
94%
Alphabet Letter K
91%
Alphabet Letter W
91%
Found Letter C
88%
Alphabet Letter H
88%
Correctly Placed Letter S
88%
Correctly Placed Letter M
85%
Correctly Placed Letter U
79%
Alphabet Letter Y
79%
Alphabet Letter J
76%
Correctly Placed Letter A
74%
Alphabet Letter X
74%
Correctly Placed Letter C
71%
Alphabet Letter F
71%
Alphabet Letter V
68%
Alphabet Letter Z
68%
Mystery Capital Muscat
65%
Alphabet Letter Q
65%
Correctly Placed Letter T
65%
No matching quizzes found
Score Distribution
Percent of People with Each Score
Percentile by Number Answered
Your Score History
You have not taken this quiz